| 000 | 01721nam a22003017a 4500 | ||
|---|---|---|---|
| 003 | OSt | ||
| 005 | 20230608094017.0 | ||
| 008 | 221006b |||||||| |||| 00| 0 eng d | ||
| 040 | _cBiblioteca Lado V | ||
| 082 |
_a700 _bS232c |
||
| 100 |
_9847 _aSantamaria-Delgado, Carolina _eEditor |
||
| 245 |
_aCuadernos/ _bde música, artes visuales y artes escénicas/ |
||
| 260 |
_aUniversidad Javeriana _c2015 _bColombia _bBogota |
||
| 300 |
_c22x28cm _a245p. |
||
| 366 | _espa | ||
| 490 |
_a1 _v10 _x1794-6670 |
||
| 505 |
_tEDITORIAL _aUna Mirada sobre el giro corporal en Colombia |
||
| 505 |
_tDossier _aConocimiento Danzario La pornificacion de la mirada Nuevas pedagogias del cuerpo para la transformación de las subjetividades subordinadas Memorias, Violencias, cotidianidades y reconfiguraciones temporales en cuerpos femeninos Maquillar los cuerpos El cuerpo como medio de expresión y como instrumento de trabajo Modos de relación sintiente |
||
| 505 |
_tFuera de Dossier _aTeatralidades híbridas y elementos inmateriales en esta propiedad Antiestética y la función social del caos en los años sesenta Ilustrados Indice y cultura digital Articulo breve/presentación de obra Convocatoria para la presentación de artículos |
||
| 505 | _tICONOTOPIA | ||
| 650 |
_2Tesauro de Arte & Arquitectura _aMUSICA _9703 |
||
| 650 |
_2Tesauro de Arte & Arquitectura _aARTES ESCENICAS _9702 |
||
| 650 |
_2Tesauro de Arte & Arquitectura _aARTES VISUALES _9702 |
||
| 650 |
_2Tesauro de Arte & Arquitectura _aICONOGRAFIA |
||
| 650 |
_2Tesauro de Arte & Arquitectura _aEDUCACION |
||
| 700 |
_aNavarreta, Jose Antonio _eeditor |
||
| 942 |
_2ddc _c1 _h700 _iS232c _n0 |
||
| 999 |
_c3818 _d3818 |
||